| 000 | 00641nam a2200241Ia 4500 | ||
|---|---|---|---|
| 001 | Z_5244 | ||
| 003 | CHAP | ||
| 008 | 220113s1993 xx 000 0 und d | ||
| 010 | _a168308 | ||
| 040 | _cCHAP | ||
| 082 | _a636.08 J6 1993 | ||
| 100 |
_aJornadas sobre producción animal (5 : Zaragoza, España : 1993) _9142572 |
||
| 245 |
_aJornadas de estudio / _cpor Asociación Interprofesional para el Desarrollo Agrario |
||
| 260 |
_aZaragoza : _bAIDA, _c1993 |
||
| 300 | _a2 v. | ||
| 650 |
_aGanadería _xCongresos _944677 |
||
| 901 | _a636.08 J6 1993 | ||
| 902 | _aM | ||
| 910 | _a1993 | ||
| 942 | _c1 | ||
| 942 | _cc1 | ||
| 999 |
_c168308 _d168308 |
||